Welcome to the Holygrace Academy Library

Please use search bar below to get started

MY OWN BOOK OF INSECTS (Record no. 6675)

MARC details
000 -LEADER
fixed length control field 00286nam a22001337a 4500
020 ## - INTERNATIONAL STANDARD BOOK NUMBER
ISBN 81-87047-04-8
082 ## - DEWEY DECIMAL CLASSIFICATION NUMBER
Classification number 001
Item number MUT/M
100 ## - MAIN ENTRY--AUTHOR NAME
Personal name MUTHANNA, SINGH
245 ## - TITLE STATEMENT
Title MY OWN BOOK OF INSECTS
260 ## - PUBLICATION, DISTRIBUTION, ETC. (IMPRINT)
Place of publication MUMBAI
Name of publisher TATA DONNELLEY
300 ## - PHYSICAL DESCRIPTION
Number of Pages 40
650 ## - SUBJECT ADDED ENTRY--TOPICAL TERM
Topical Term GK
Geographic subdivision MUMBAI
942 ## - ADDED ENTRY ELEMENTS (KOHA)
Koha item type Books
Holdings
Withdrawn status Lost status Collection code Home library Current library Shelving location Date acquired Source of acquisition Full call number Accession Number Koha item type
    G.K Main Library Main Library SHELF-17E-SCIENCE RELATED BOOKS 06/02/2002 PURCHASE 001 MUT/M 01495 Books